[Event "Santa Luzia LMX Maranhense 8th"]
[Site "Santa Luzia"]
[Date "2016.04.30"]
[Round "2.4"]
[White "Lopes Silva, Luiz Eduardo"]
[Black "Silva, Valdecir Batista"]
[Result "1-0"]
[WhiteElo "1971"]
[BlackElo "1787"]
[PlyCount "75"]
[EventDate "2016.04.29"]
[EventType "swiss"]
[EventRounds "5"]
[EventCountry "BRA"]
[SourceTitle "EXT 2022"]
[Source "ChessBase"]
[SourceDate "2021.10.06"]
[SourceVersion "1"]
[SourceVersionDate "2021.10.06"]
[SourceQuality "1"]

1. e4 d6 2. d4 Nf6 3. Nc3 g6 4. f3 Bg7 5. Be3 0-0 6. Qd2 h5 7. 0-0-0 c6 8. Bh6 Kh7 9. Bxg7 Kxg7 10. Qg5 b5 11. e5 Nh7 12. Qe3 Be6 13. g4 hxg4 14. fxg4 Bxg4 15. Be2 Bxe2 16. Ngxe2 e6 17. Rdg1 d5 18. h4 Nd7 19. Nf4 Kh8 20. Nh3 Rg8 21. Ng5 Qe7 22. h5 Rg7 23. Nxh7 Rxh7 24. hxg6 fxg6 25. Ne2 Rg8 26. Nf4 g5 27. Rxh7+ Kxh7 28. Qh3+ Kg7 29. Nxe6+ Kf7 30. Rf1+ Nf6 31. Rxf6+ Ke8 32. Nc5 g4 33. Qh5+ Kd8 34. Qh4 g3 35. Rd6+ Ke8 36. Re6 Qxe6 37. Nxe6 g2 38. Qh5+ 1-0

[Event "Maraba op 3rd"]
[Site "Maraba"]
[Date "2016.04.23"]
[Round "6"]
[White "Lopes Silva, Luiz Eduardo"]
[Black "Abreu, Nilton Silva"]
[Result "1/2-1/2"]
[WhiteElo "1971"]
[BlackElo "1970"]
[PlyCount "120"]
[EventDate "2016.04.21"]
[EventType "swiss"]
[EventRounds "7"]
[EventCountry "BRA"]
[SourceTitle "CBM 172 Extra"]
[Source "ChessBase"]
[SourceDate "2016.06.21"]
[SourceVersion "1"]
[SourceVersionDate "2016.06.21"]
[SourceQuality "1"]

1. e4 e5 2. Nf3 Nc6 3. Bb5 a6 4. Ba4 Nf6 5. 0-0 b5 6. Bb3 d6 7. Re1 Be7 8. h3 0-0 9. c3 Bb7 10. d4 h6 11. Nbd2 Nh7 12. d5 Nb8 13. Nf1 Nd7 14. Ng3 Bg5 15. Nf5 Bxc1 16. Rxc1 Ng5 17. h4 Nxf3+ 18. Qxf3 Kh7 19. Qe3 Nf6 20. Bc2 Ng8 21. Qg3 g6 22. Ne3 Nf6 23. Qh2 Bc8 24. f4 exf4 25. Qxf4 Nh5 26. Qf2 Qf6 27. Rf1 Kg7 28. Qxf6+ Nxf6 29. c4 Re8 30. cxb5 axb5 31. Bb1 Ra7 32. Rf4 g5 33. hxg5 hxg5 34. Nf5+ Kg6 35. Rf2 Bxf5 36. exf5+ Kg7 37. Rcf1 Re5 38. Bc2 Rxd5 39. Bb3 Re5 40. Rd2 d5 41. Rc2 Kf8 42. Rfc1 Ne8 43. Rc5 Nd6 44. Rxd5 Rxd5 45. Bxd5 Nxf5 46. Kf2 Ke7 47. a3 f6 48. g4 Ng7 49. Bc6 Ra5 50. Rc5 Ra4 51. Bxb5 Rf4+ 52. Kg3 Ne6 53. Rc4 Kd6 54. Rxf4 gxf4+ 55. Kf2 Kc5 56. Bd7 Ng5 57. a4 Kb4 58. Bc6 Kc4 59. Bd7 Kb4 60. Bc6 Kc5 1/2-1/2

[Event "Maraba op 3rd"]
[Site "Maraba"]
[Date "2016.04.21"]
[Round "1"]
[White "Alves, Juliano de Castro"]
[Black "Lopes Silva, Luiz Eduardo"]
[Result "0-1"]
[WhiteElo "1800"]
[BlackElo "1971"]
[PlyCount "90"]
[EventDate "2016.04.21"]
[EventType "swiss"]
[EventRounds "7"]
[EventCountry "BRA"]
[SourceTitle "CBM 172 Extra"]
[Source "ChessBase"]
[SourceDate "2016.06.21"]
[SourceVersion "1"]
[SourceVersionDate "2016.06.21"]
[SourceQuality "1"]

1. e4 c5 2. Nf3 d6 3. c3 e6 4. d4 cxd4 5. cxd4 Nf6 6. Nc3 Be7 7. Bd3 0-0 8. 0-0 Nc6 9. a3 b6 10. Re1 Bb7 11. Qc2 h6 12. Be3 Rc8 13. Rac1 Na5 14. h3 Nc4 15. Bxc4 Rxc4 16. b3 Rc8 17. Qd2 Nxe4 18. Nxe4 Rxc1 19. Rxc1 Bxe4 20. Nh2 f5 21. Bxh6 gxh6 22. Qxh6 Rf6 23. Qg5+ Kf8 24. f3 Bd5 25. Rc3 Ke8 26. Nf1 f4 27. Nh2 Rf5 28. Qg8+ Kd7 29. Qxd8+ Bxd8 30. b4 Bf6 31. Rd3 Bc4 32. Rd2 Rd5 33. h4 Bxh4 34. Ng4 Ke7 35. Nf2 Bxf2+ 36. Kxf2 e5 37. g3 fxg3+ 38. Kxg3 Rxd4 39. Rxd4 exd4 40. Kf2 d3 41. Ke3 d5 42. Kd2 Kf6 43. Ke3 Kf5 44. f4 b5 45. Kd2 Kxf4 0-1

[Event "Maraba op 3rd"]
[Site "Maraba"]
[Date "2016.04.21"]
[Round "2"]
[White "Lopes Silva, Luiz Eduardo"]
[Black "Rodi, Luis Ernesto"]
[Result "0-1"]
[WhiteElo "1971"]
[BlackElo "2344"]
[PlyCount "42"]
[EventDate "2016.04.21"]
[EventType "swiss"]
[EventRounds "7"]
[EventCountry "BRA"]
[SourceTitle "CBM 172 Extra"]
[Source "ChessBase"]
[SourceDate "2016.06.21"]
[SourceVersion "1"]
[SourceVersionDate "2016.06.21"]
[SourceQuality "1"]

1. e4 c5 2. Nf3 d6 3. d4 cxd4 4. Nxd4 Nf6 5. Nc3 a6 6. Bg5 Nbd7 7. f4 Qc7 8. Qf3 h6 9. Bxf6 Nxf6 10. 0-0-0 Bg4 11. Qd3 Bxd1 12. Qxd1 e6 13. Bd3 Be7 14. Re1 Rc8 15. e5 dxe5 16. fxe5 Nd7 17. Qh5 Nc5 18. Bf1 0-0 19. h4 Rfd8 20. Nf3 Na4 21. Re3 Qb6 0-1

[Event "Belem Regional Norte"]
[Site "Belem"]
[Date "2016.03.19"]
[Round "3"]
[White "Lopes Silva, Luiz Eduardo"]
[Black "Leao, Flavio Sanchez"]
[Result "1-0"]
[WhiteElo "1972"]
[BlackElo "1818"]
[PlyCount "60"]
[EventDate "2016.03.18"]
[EventType "swiss"]
[EventRounds "6"]
[EventCountry "BRA"]
[SourceTitle "CBM 171 Extra"]
[Source "ChessBase"]
[SourceDate "2016.04.26"]
[SourceVersion "1"]
[SourceVersionDate "2016.04.26"]
[SourceQuality "1"]

1. e4 e6 2. d4 d5 3. Nc3 Nf6 4. Bg5 Be7 5. e5 Nfd7 6. h4 Bxg5 7. hxg5 Qxg5 8. Nh3 Qh6 9. Bd3 a6 10. Ne2 c5 11. c3 Nc6 12. Bc2 0-0 13. Ng3 g6 14. f4 Qg7 15. Qd2 cxd4 16. cxd4 b5 17. 0-0-0 Rd8 18. Nf2 f5 19. Ne2 Nf8 20. g4 Bd7 21. gxf5 exf5 22. Rdg1 Rac8 23. Kb1 Rc7 24. Ng3 Qe7 25. Bxf5 Bxf5+ 26. Nxf5 Qb4 27. Qd3 Ne6 28. Qh3 Nxf4 29. Qh4 Nh5 30. Qxh5 Kh8 1-0

[Event "Belem Regional Norte"]
[Site "Belem"]
[Date "2016.03.18"]
[Round "1"]
[White "Lopes Silva, Luiz Eduardo"]
[Black "Almeida, Luis Fernando Silva"]
[Result "1-0"]
[WhiteElo "1972"]
[BlackElo "1625"]
[PlyCount "103"]
[EventDate "2016.03.18"]
[EventType "swiss"]
[EventRounds "6"]
[EventCountry "BRA"]
[SourceTitle "CBM 171 Extra"]
[Source "ChessBase"]
[SourceDate "2016.04.26"]
[SourceVersion "1"]
[SourceVersionDate "2016.04.26"]
[SourceQuality "1"]

1. e4 e6 2. d4 d5 3. Nc3 Nf6 4. Bg5 Be7 5. e5 Nfd7 6. h4 h6 7. Bxe7 Qxe7 8. Nf3 a6 9. Bd3 c5 10. Ne2 c4 11. Bxc4 dxc4 12. Ng3 b5 13. Ne4 0-0 14. Nd6 Nc6 15. a4 Rb8 16. Qe2 Qd8 17. Qe4 Ne7 18. g4 f6 19. axb5 axb5 20. Ra7 Qb6 21. Nxc8 Rbxc8 22. Rxd7 Qa5+ 23. Kf1 f5 24. Qb7 Rb8 25. Qa7 Qxa7 26. Rxa7 Nd5 27. g5 h5 28. Ke2 Ra8 29. Rha1 Rxa7 30. Rxa7 b4 31. Kd1 g6 32. Nd2 Rc8 33. Nf1 c3 34. b3 Rd8 35. Nh2 Kf8 36. Nf3 Ne7 37. Ra6 Kf7 38. Ke2 Nd5 39. Kd3 Rd7 40. Kc4 Rc7+ 41. Kb5 Rb7+ 42. Kc6 Rc7+ 43. Kd6 Rb7 44. Ne1 Ke8 45. Rc6 Rd7+ 46. Kc5 Ke7 47. Nd3 Rb7 48. Ra6 Rc7+ 49. Kb5 Rb7+ 50. Kc4 Rc7+ 51. Nc5 Rc8 52. Rxe6+ 1-0

[Event "Sao Luis Maranhense-ch"]
[Site "Sao Luis"]
[Date "2016.02.08"]
[Round "6"]
[White "Lopes Silva, Luiz Eduardo"]
[Black "Da Silva, Jose Zenildo Eugeni"]
[Result "1-0"]
[WhiteElo "1968"]
[BlackElo "2056"]
[PlyCount "101"]
[EventDate "2016.02.05"]
[EventType "tourn"]
[EventRounds "9"]
[EventCountry "BRA"]
[SourceTitle "CBM 170 Extra"]
[Source "ChessBase"]
[SourceDate "2016.02.25"]
[SourceVersion "1"]
[SourceVersionDate "2016.02.25"]
[SourceQuality "1"]

1. e4 d5 2. exd5 Nf6 3. Bb5+ Bd7 4. Bc4 Bg4 5. f3 Bh5 6. Nc3 c6 7. dxc6 Nxc6 8. Nge2 e5 9. Ng3 Bg6 10. 0-0 Qd4+ 11. Kh1 Qxc4 12. Re1 Be7 13. d3 Qh4 14. Be3 0-0 15. Qd2 h6 16. f4 exf4 17. Bxf4 Ng4 18. Nce4 Bxe4 19. Nxe4 Bg5 20. h3 Bxf4 21. Qxf4 f5 22. Ng3 g5 23. Qf3 f4 24. Qd5+ Kh8 25. Nf5 Qh5 26. Re6 Nf6 27. Qd6 Qg6 28. Ne7 Nxe7 29. Rxe7 Rf7 30. Re6 Raf8 31. Rae1 f3 32. gxf3 Qf5 33. Kg2 h5 34. Qd4 g4 35. hxg4 hxg4 36. f4 Kg8 37. R1e5 Qh7 38. Rg5+ Rg7 39. Rxf6 Qh3+ 40. Kg1 Qg3+ 41. Kf1 Qf3+ 42. Ke1 Re8+ 43. Re5 Rxe5+ 44. fxe5 Qh1+ 45. Rf1 Qh4+ 46. Qf2 g3 47. Qg2 Qg5 48. Qd5+ Kh8 49. Rh1+ Rh7 50. Rxh7+ Kxh7 51. Qf7+ 1-0

[Event "Coroata LMX Maranhense 5th"]
[Site "Coroata"]
[Date "2015.11.29"]
[Round "5.1"]
[White "Leitao, Nicolau Daulibe"]
[Black "Lopes Silva, Luiz Eduardo"]
[Result "1/2-1/2"]
[WhiteElo "2110"]
[BlackElo "1949"]
[PlyCount "24"]
[EventDate "2015.11.27"]
[EventType "swiss"]
[EventRounds "5"]
[EventCountry "BRA"]
[SourceTitle "EXT 2022"]
[Source "ChessBase"]
[SourceDate "2021.10.06"]
[SourceVersion "1"]
[SourceVersionDate "2021.10.06"]
[SourceQuality "1"]

1. e4 c5 2. Nf3 d6 3. Bb5+ Nd7 4. c3 a6 5. Ba4 b5 6. Bc2 Bb7 7. 0-0 Ngf6 8. Re1 e5 9. d3 Be7 10. Nbd2 0-0 11. Nf1 Qc7 12. Ng3 Rfe8 1/2-1/2

[Event "Barreirinhas Athenas op"]
[Site "Barreirinhas"]
[Date "2015.10.18"]
[Round "6"]
[White "Lopes Silva, Luiz Eduardo"]
[Black "Guimaraes, Marcelo Cunha"]
[Result "0-1"]
[WhiteElo "1951"]
[BlackElo "2233"]
[PlyCount "78"]
[EventDate "2015.10.16"]
[EventType "swiss"]
[EventRounds "6"]
[EventCountry "BRA"]
[SourceTitle "CBM 168 Extra"]
[Source "ChessBase"]
[SourceDate "2015.10.29"]
[SourceVersion "1"]
[SourceVersionDate "2015.10.29"]
[SourceQuality "1"]

1. e4 c5 2. Nf3 e6 3. d4 cxd4 4. Nxd4 Nc6 5. Be3 Nf6 6. f3 d5 7. exd5 Nxd5 8. Bf2 Be7 9. Bb5 Bd7 10. 0-0 0-0 11. Nxc6 bxc6 12. Ba4 Qb8 13. c4 Nb6 14. Bc2 Rd8 15. Qd3 g6 16. Bd4 e5 17. Bc3 Be6 18. Qe4 Bf5 19. Qe2 Bxc2 20. Qxc2 Nxc4 21. Qe2 Bc5+ 22. Kh1 Ne3 23. Re1 Bd4 24. Na3 c5 25. Rac1 Re8 26. Nc4 Nxc4 27. Qxc4 Qb6 28. Re2 Qe6 29. Qa4 a6 30. a3 Re7 31. Qc2 Rae8 32. Rce1 Qc4 33. Re4 Re6 34. h3 Qd5 35. Bxd4 cxd4 36. b4 f5 37. Rh4 d3 38. Qc7 R6e7 39. Rxe5 Qxe5 0-1

[Event "Barreirinhas Athenas op"]
[Site "Barreirinhas"]
[Date "2015.10.16"]
[Round "2"]
[White "Lopes Silva, Luiz Eduardo"]
[Black "Fernandez, Maria Florencia"]
[Result "0-1"]
[WhiteElo "1951"]
[BlackElo "2214"]
[PlyCount "78"]
[EventDate "2015.10.16"]
[EventType "swiss"]
[EventRounds "6"]
[EventCountry "BRA"]
[SourceTitle "CBM 168 Extra"]
[Source "ChessBase"]
[SourceDate "2015.10.29"]
[SourceVersion "1"]
[SourceVersionDate "2015.10.29"]
[SourceQuality "1"]

1. e4 c5 2. Nf3 d6 3. d4 cxd4 4. Nxd4 Nf6 5. Nc3 g6 6. Bc4 Bg7 7. f3 0-0 8. Be3 Nc6 9. Qd2 Bd7 10. 0-0-0 Rb8 11. g4 b5 12. Be2 b4 13. Nd5 a5 14. Nxf6+ Bxf6 15. Nxc6 Bxc6 16. Bd4 Bxd4 17. Qxd4 Qc7 18. Kb1 a4 19. h4 Rfc8 20. Qd2 d5 21. h5 e6 22. hxg6 fxg6 23. Bd3 a3 24. b3 dxe4 25. Bxe4 Rd8 26. Qg5 Rxd1+ 27. Rxd1 Qg7 28. Qc1 Bxe4 29. fxe4 Qe5 30. Rd7 Rf8 31. g5 Qxe4 32. Rd3 Qf5 33. Rd4 Qc5 34. Rc4 Qd6 35. Qe1 Qe5 36. Qc1 Qe2 37. Rf4 Rxf4 38. Qxf4 Qe1+ 39. Qc1 Qc3 0-1

[Event "Caxias LMX Etapa de Caxias 3rd"]
[Site "Caxias do Sul"]
[Date "2015.07.26"]
[Round "4.4"]
[White "Lopes Silva, Luiz Eduardo"]
[Black "Cardoso Da Silva, Roberto"]
[Result "1/2-1/2"]
[WhiteElo "1953"]
[BlackElo "1861"]
[PlyCount "100"]
[EventDate "2015.07.24"]
[EventType "swiss"]
[EventRounds "5"]
[EventCountry "BRA"]
[SourceTitle "EXT 2022"]
[Source "ChessBase"]
[SourceDate "2021.10.06"]
[SourceVersion "1"]
[SourceVersionDate "2021.10.06"]
[SourceQuality "1"]

1. e4 e6 2. d4 d5 3. Nc3 dxe4 4. Nxe4 Nf6 5. Bg5 Be7 6. Ng3 0-0 7. Nf3 c5 8. Bc4 b5 9. Be2 Bb7 10. 0-0 a6 11. a4 cxd4 12. Nxd4 Nc6 13. Be3 Nxd4 14. Bxd4 Qd7 15. c3 Rfd8 16. Nh5 Nxh5 17. Bxh5 g6 18. Bf3 Qc7 19. Bxb7 Qxb7 20. Qe2 Qc6 21. Rfe1 Rd5 22. axb5 axb5 23. Rxa8+ Qxa8 24. g3 b4 25. Qe3 bxc3 26. Qxc3 Qa5 27. Qxa5 Rxa5 28. Bc3 Rd5 29. Ra1 f6 30. Ra7 Kf8 31. Kf1 e5 32. Ke2 f5 33. Rb7 h6 34. b4 Ke8 35. b5 e4 36. h4 h5 37. Bd2 Bc5 38. Bf4 Rd7 39. Bc7 Rd3 40. b6 Rb3 41. Rb8+ Kd7 42. Rg8 Bxb6 43. Bxb6 Rxb6 44. Rg7+ Ke8 45. Ke3 Kf8 46. Ra7 Rb3+ 47. Kf4 Rf3+ 48. Kg5 Rxf2 49. Kxg6 Rf3 50. Rf7+ Ke8 1/2-1/2

[Event "Caxias LMX Etapa de Caxias 3rd"]
[Site "Caxias do Sul"]
[Date "2015.07.26"]
[Round "5.4"]
[White "Sales, Luis Carlos"]
[Black "Lopes Silva, Luiz Eduardo"]
[Result "0-1"]
[WhiteElo "1837"]
[BlackElo "1953"]
[PlyCount "86"]
[EventDate "2015.07.24"]
[EventType "swiss"]
[EventRounds "5"]
[EventCountry "BRA"]
[SourceTitle "EXT 2022"]
[Source "ChessBase"]
[SourceDate "2021.10.06"]
[SourceVersion "1"]
[SourceVersionDate "2021.10.06"]
[SourceQuality "1"]

1. d4 Nf6 2. Nf3 g6 3. b3 Bg7 4. Bb2 0-0 5. Nbd2 d5 6. e3 Bg4 7. Be2 Nbd7 8. 0-0 c5 9. h3 Bxf3 10. Bxf3 cxd4 11. exd4 Qc7 12. Re1 e6 13. Rc1 Rac8 14. c4 Qf4 15. c5 h5 16. Rc2 Nh7 17. Nf1 Ng5 18. Nh2 Nf6 19. Bc1 Nxf3+ 20. Nxf3 Qc7 21. Ne5 Nd7 22. Nxd7 Qxd7 23. Bf4 Qd8 24. Bd6 Re8 25. Qd2 Qh4 26. Be5 Qd8 27. b4 Kh7 28. Rc3 f6 29. Bh2 e5 30. dxe5 fxe5 31. Rf3 Qd7 32. Qg5 e4 33. Ra3 Rf8 34. Rxa7 Rf5 35. Qh4 Rcf8 36. Bd6 R8f7 37. Re2 Qb5 38. Rd2 Qxb4 39. g4 Bf6 40. Qg3 Rf3 41. Qg2 Qxd2 42. c6 Rxf2 43. Qxf2 Bd4 0-1

[Event "Caxias LMX Etapa de Caxias 3rd"]
[Site "Caxias do Sul"]
[Date "2015.07.25"]
[Round "2.2"]
[White "Lopes Silva, Luiz Eduardo"]
[Black "Fernandes Filho, Bergson Fragoso"]
[Result "0-1"]
[WhiteElo "1953"]
[BlackElo "2114"]
[PlyCount "116"]
[EventDate "2015.07.24"]
[EventType "swiss"]
[EventRounds "5"]
[EventCountry "BRA"]
[SourceTitle "EXT 2022"]
[Source "ChessBase"]
[SourceDate "2021.10.06"]
[SourceVersion "1"]
[SourceVersionDate "2021.10.06"]
[SourceQuality "1"]

1. e4 e6 2. d3 g6 3. Nf3 Bg7 4. g3 Ne7 5. Bg2 0-0 6. 0-0 b6 7. Nbd2 Bb7 8. Re1 c5 9. e5 f5 10. Nc4 Bc6 11. Bg5 h6 12. Bxe7 Qxe7 13. a4 Na6 14. Qe2 Nc7 15. d4 f4 16. Nh4 Bxg2 17. Kxg2 g5 18. Ng6 Qf7 19. Nxf8 Rxf8 20. f3 cxd4 21. Rad1 Nd5 22. Rxd4 a6 23. g4 b5 24. axb5 axb5 25. Nd6 Qg6 26. Qe4 Qxe4 27. Rexe4 Ne3+ 28. Kf2 Nxc2 29. Rd2 Ne3 30. Nxb5 Rb8 31. Nc3 Rb7 32. b4 Kf7 33. Na4 Ke8 34. Nc5 Rc7 35. Ra2 Bf8 36. Ra8+ Kf7 37. Rd4 Nd5 38. Na6 Rb7 39. Rc4 Nb6 40. Rxf8+ Kxf8 41. Rc7 Rxc7 42. Nxc7 Nc4 43. b5 Ke7 44. Na6 Kd8 45. Nc5 Kc7 46. Ne4 Nxe5 47. Nf6 Kb6 48. Ng8 Nf7 49. Nf6 d6 50. Ke2 Kxb5 51. Kd3 Kc6 52. Kd4 d5 53. Ng8 e5+ 54. Kd3 Kd6 55. Kd2 e4 56. fxe4 dxe4 57. Nf6 Ke5 58. Ng8 e3+ 0-1

[Event "American Continental 10th"]
[Site "Praia da Pipa"]
[Date "2014.10.25"]
[Round "10"]
[White "Lopes Silva, Luiz Eduardo"]
[Black "Silva, Carolina Alves"]
[Result "0-1"]
[WhiteElo "2003"]
[BlackElo "1791"]
[PlyCount "134"]
[EventDate "2014.10.18"]
[EventType "swiss"]
[EventRounds "11"]
[EventCountry "BRA"]
[SourceTitle "EXT 2015"]
[Source "ChessBase"]
[SourceDate "2014.11.20"]
[SourceVersion "1"]
[SourceVersionDate "2014.11.20"]
[SourceQuality "1"]

1. e4 c5 2. Nf3 e6 3. d4 cxd4 4. Nxd4 a6 5. Be3 Qc7 6. Qd2 Nf6 7. f3 Nc6 8. c4 Bb4 9. Nc3 0-0 10. Nc2 Be7 11. Be2 Rd8 12. 0-0 Ne5 13. b3 b6 14. h3 d6 15. f4 Ng6 16. Bf3 Rb8 17. g3 Bb7 18. Kh2 Ba8 19. Nd4 d5 20. cxd5 exd5 21. e5 Ne4 22. Nxe4 dxe4 23. Bg2 Bc5 24. Qf2 Nf8 25. Rac1 Qd7 26. Rfd1 Rbc8 27. Rc2 Qb7 28. Rcd2 Bb4 29. Rc2 Bc3 30. Rdc1 Bxd4 31. Bxd4 Rxc2 32. Rxc2 b5 33. Re2 Qe7 34. Bc5 Qd7 35. Bd6 Ne6 36. Bxe4 Bxe4 37. Rxe4 f6 38. Re2 fxe5 39. fxe5 Ng5 40. g4 Qc6 41. Rc2 Qd5 42. Qf4 Qd3 43. Rf2 h6 44. Qg3 Qxg3+ 45. Kxg3 Ne4+ 46. Kf3 Nxf2 47. Kxf2 Kf7 48. Ke3 g5 49. Ke4 Ke6 50. a4 Rc8 51. axb5 axb5 52. Kd4 h5 53. Bb4 hxg4 54. hxg4 Rh8 55. Kc5 Rh4 56. Bc3 Rxg4 57. Kxb5 Re4 58. b4 g4 59. Ka6 g3 60. b5 Ra4+ 61. Ba5 g2 62. b6 g1Q 63. b7 Qa1 64. Ka7 Rxa5+ 65. Kb8 Qxe5+ 66. Kc8 Rc5+ 67. Kd8 Qd6+ 0-1

[Event "American Continental 10th"]
[Site "Praia da Pipa"]
[Date "2014.10.20"]
[Round "4"]
[White "Lopes Silva, Luiz Eduardo"]
[Black "Daneri, Martin"]
[Result "0-1"]
[WhiteElo "2003"]
[BlackElo "2099"]
[PlyCount "96"]
[EventDate "2014.10.18"]
[EventType "swiss"]
[EventRounds "11"]
[EventCountry "BRA"]
[SourceTitle "EXT 2015"]
[Source "ChessBase"]
[SourceDate "2014.11.20"]
[SourceVersion "1"]
[SourceVersionDate "2014.11.20"]
[SourceQuality "1"]

1. e4 e6 2. d4 d5 3. Nc3 Bb4 4. e5 c5 5. a3 Bxc3+ 6. bxc3 Qa5 7. Qd2 b6 8. f4 Ne7 9. Nf3 h5 10. Bd3 Ba6 11. 0-0 Bxd3 12. Qxd3 Qa6 13. Qxa6 Nxa6 14. Nh4 g6 15. Be3 Rc8 16. dxc5 Nxc5 17. Bxc5 Rxc5 18. Rf3 Kd7 19. Rb1 Rhc8 20. Rb3 Nc6 21. a4 Na5 22. Ra3 Nc4 23. Ra2 Nd2 24. Rd3 Ne4 25. Nf3 Nxc3 26. Ra3 Ne2+ 27. Kf1 Rxc2 28. g3 Nc3 29. Nd4 Rc1+ 30. Kg2 a6 31. h3 Rc4 32. a5 b5 33. g4 h4 34. f5 gxf5 35. gxf5 Ne4 36. fxe6+ fxe6 37. Ra2 R4c3 38. Rf3 Rxf3 39. Nxf3 Nc5 40. Nxh4 b4 41. Kf3 b3 42. Rb2 Rc2 43. Rb1 b2 44. Ng6 Na4 45. h4 Nc3 46. Rxb2 Rxb2 47. Kg3 Ne4+ 48. Kf3 Ke8 0-1

[Event "BRA-ch sf-B"]
[Site "Fortaleza"]
[Date "2012.11.04"]
[Round "7"]
[White "Chaves, Allysson Pereira"]
[Black "Lopes Silva, Luiz Eduardo"]
[Result "0-1"]
[WhiteElo "1942"]
[BlackElo "2001"]
[PlyCount "112"]
[EventDate "2012.11.01"]
[EventType "swiss"]
[EventRounds "8"]
[EventCountry "BRA"]
[SourceTitle "EXT 2013"]
[Source "ChessBase"]
[SourceDate "2012.11.22"]
[SourceVersion "1"]
[SourceVersionDate "2012.11.22"]
[SourceQuality "1"]

1. d4 Nf6 2. c4 g6 3. Nc3 Bg7 4. e4 d6 5. Nf3 0-0 6. Be2 e5 7. dxe5 dxe5 8. Qxd8 Rxd8 9. Bg5 c6 10. Nxe5 Re8 11. 0-0-0 Na6 12. f4 Nc5 13. Bf3 Ne6 14. Nd3 Nxg5 15. fxg5 Ng4 16. Rde1 Be6 17. Kc2 h5 18. b3 Rad8 19. Ne2 Re7 20. Nef4 Bc8 21. Re2 a6 22. h3 Ne5 23. Rd2 Red7 24. h4 Rd6 25. Re1 Bg4 26. Bxg4 Nxg4 27. Ree2 Kf8 28. g3 Ke7 29. Ng2 Nh2 30. Ne3 Nf3 31. Ng2 Nxd2 32. Rxd2 Rd4 33. Ngf4 Rxe4 34. Nc5 Rxd2+ 35. Kxd2 Rd4+ 36. Ke2 b6 37. Nxa6 Be5 38. Nb4 Rd6 39. Ke3 Bxf4+ 40. gxf4 Re6+ 41. Kf3 Kd6 42. Nd3 b5 43. c5+ Kd5 44. f5 Re7 45. fxg6 fxg6 46. Nf4+ Kxc5 47. Nxg6 Rh7 48. a3 Kd4 49. b4 Rf7+ 50. Kg3 Ke4 51. Nh8 Rg7 52. g6 Kf5 53. Nf7 Rxg6+ 54. Kf3 Rg1 55. Nd8 Rc1 56. Ke3 Kg4 0-1

[Event "BRA-ch sf-B"]
[Site "Fortaleza"]
[Date "2012.11.04"]
[Round "8"]
[White "Lopes Silva, Luiz Eduardo"]
[Black "Pinto, Carlos Henrique Lop"]
[Result "0-1"]
[WhiteElo "2001"]
[BlackElo "2092"]
[PlyCount "76"]
[EventDate "2012.11.01"]
[EventType "swiss"]
[EventRounds "8"]
[EventCountry "BRA"]
[SourceTitle "EXT 2013"]
[Source "ChessBase"]
[SourceDate "2012.11.22"]
[SourceVersion "1"]
[SourceVersionDate "2012.11.22"]
[SourceQuality "1"]

1. e4 Nf6 2. e5 Nd5 3. c4 Nb6 4. c5 Nd5 5. Nc3 e6 6. d4 b6 7. Nxd5 exd5 8. cxb6 axb6 9. f4 Bb4+ 10. Bd2 Qe7 11. Nf3 Nc6 12. a3 Bxd2+ 13. Qxd2 0-0 14. Rc1 f6 15. Bd3 fxe5 16. dxe5 Kh8 17. 0-0 Ra4 18. Ng5 h6 19. Qe3 Ba6 20. Bxa6 hxg5 21. fxg5 Rxf1+ 22. Bxf1 Kg8 23. Bd3 Qxe5 24. Qh3 Rh4 25. Qxh4 Qe3+ 26. Qf2 Qxc1+ 27. Bf1 Qxg5 28. h3 Ne5 29. Kh2 c5 30. Bb5 d6 31. a4 d4 32. Qc2 Qf4+ 33. Kh1 Qe3 34. Ba6 d3 35. Qb3+ Kh7 36. Qd1 g6 37. Kh2 c4 38. a5 bxa5 0-1

[Event "BRA-ch sf-B"]
[Site "Fortaleza"]
[Date "2012.11.03"]
[Round "6"]
[White "Lopes Silva, Luiz Eduardo"]
[Black "Leitao, Nicolau Daulibe"]
[Result "1/2-1/2"]
[WhiteElo "2001"]
[BlackElo "2159"]
[PlyCount "34"]
[EventDate "2012.11.01"]
[EventType "swiss"]
[EventRounds "8"]
[EventCountry "BRA"]
[SourceTitle "EXT 2013"]
[Source "ChessBase"]
[SourceDate "2012.11.22"]
[SourceVersion "1"]
[SourceVersionDate "2012.11.22"]
[SourceQuality "1"]

1. e4 e5 2. Nf3 Nc6 3. d4 exd4 4. Nxd4 Nf6 5. Nxc6 bxc6 6. e5 Qe7 7. Qe2 Nd5 8. c4 Ba6 9. g3 g6 10. b3 Bg7 11. Bg2 0-0-0 12. Bh3 Rhe8 13. 0-0 f5 14. Qd2 Nb6 15. Qa5 Kb7 16. f4 h5 17. Nc3 Bf8 1/2-1/2

[Event "BRA-ch sf-B"]
[Site "Fortaleza"]
[Date "2012.11.03"]
[Round "5"]
[White "Oliveira Neto, Lourival Ponte"]
[Black "Lopes Silva, Luiz Eduardo"]
[Result "0-1"]
[WhiteElo "1738"]
[BlackElo "2001"]
[PlyCount "68"]
[EventDate "2012.11.01"]
[EventType "swiss"]
[EventRounds "8"]
[EventCountry "BRA"]
[SourceTitle "EXT 2013"]
[Source "ChessBase"]
[SourceDate "2012.11.22"]
[SourceVersion "1"]
[SourceVersionDate "2012.11.22"]
[SourceQuality "1"]

1. e4 d6 2. d4 Nf6 3. Nc3 g6 4. Be2 Bg7 5. Nf3 0-0 6. 0-0 c6 7. b3 Nbd7 8. Bb2 e5 9. Re1 Qe7 10. dxe5 dxe5 11. h3 Nc5 12. Bd3 Nh5 13. Re3 Ne6 14. a4 Qf6 15. Na2 Nd4 16. Nxd4 exd4 17. Rf3 Qd6 18. Be2 Be5 19. c3 c5 20. Nc1 Rd8 21. cxd4 cxd4 22. Nd3 Bh8 23. Rc1 Be6 24. Nc5 Qe7 25. Nxe6 fxe6 26. Rc4 d3 27. Bxh8 dxe2 28. Qxe2 Kxh8 29. Qc2 Rd7 30. Rfc3 Rad8 31. Qb2 e5 32. Kh2 Qg5 33. g3 Rd2 34. Rc2 Qxg3+ 0-1

[Event "Maranhense-ch"]
[Site "Sao Luis"]
[Date "2012.06.08"]
[Round "3"]
[White "Leitao, Nicolau Daulibe"]
[Black "Lopes Silva, Luiz Eduardo"]
[Result "1/2-1/2"]
[WhiteElo "2151"]
[BlackElo "1968"]
[PlyCount "72"]
[EventDate "2012.06.07"]
[EventType "swiss"]
[EventRounds "7"]
[EventCountry "BRA"]
[SourceTitle "EXT 2022"]
[Source "ChessBase"]
[SourceDate "2021.10.06"]
[SourceVersion "1"]
[SourceVersionDate "2021.10.06"]
[SourceQuality "1"]

1. d4 Nf6 2. c4 g6 3. f3 Bg7 4. e4 d6 5. Nc3 Nc6 6. Be3 a6 7. Qd2 Rb8 8. Bd3 0-0 9. Nge2 e5 10. d5 Ne7 11. b4 Ne8 12. g4 c6 13. h4 b5 14. cxb5 cxd5 15. Bg5 dxe4 16. Bxe4 axb5 17. h5 Nf6 18. Ng3 d5 19. Bxf6 Bxf6 20. hxg6 fxg6 21. Nxd5 Bg7 22. Qh2 h6 23. Rd1 Qe8 24. g5 Nxd5 25. gxh6 Bf6 26. Bxd5+ Be6 27. Be4 Bf7 28. h7+ Kh8 29. 0-0 Bg5 30. Kh1 Bf4 31. Qg2 Qe7 32. Qh3 Rbd8 33. Ne2 Be3 34. Qh2 Qg5 35. Qg2 Qxg2+ 36. Kxg2 Kxh7 1/2-1/2